000 00847cam a22002414a 4500
999 _c7540
_d7540
003 OSt
005 20200312102330.0
008 060725s2007 nyua 000 0 eng
010 _a 2006024384
020 _a9781568985763 (hardcover : alk. paper)
082 0 0 _a721
_222
_bCHR
245 0 0 _aDetails in contemporary architecture /
_c[edited by] Christine Killory and René Davids.
250 _a1st ed.
260 _aNew York :
_bPrinceton Architectural Press,
_cc2007.
300 _a207 p. :
_bcol. ill. (some col.) ;
_c32 cm.
440 0 _aAsBuilt
650 0 _aArchitecture
_zUnited States
_xDetails.
650 0 _aArchitecture
_zUnited States
_xHistory
_y21st century.
650 0 _aArchitecture and technology
_zUnited States
_xHistory
_y21st century.
700 1 _aKillory, Christine,
_d1958-
700 1 _aDavids, René,
_d1949-
942 _2ddc